ا نتخا ب قصا يد ا ر د و مع مقد مہ و حو ا شی (Record no. 94119)
[ view plain ]
| 000 -LEADER | |
|---|---|
| fixed length control field | 00733nam a22002177a 4500 |
| 005 - DATE AND TIME OF LATEST TRANSACTION | |
| control field | 20150605152712.0 |
| 008 - FIXED-LENGTH DATA ELEMENTS--GENERAL INFORMATION | |
| fixed length control field | 140714b xxu||||| |||| 00| 0 Urdu d |
| 010 ## - LCCN (DPL NO) | |
| LC control number | UR-9011 |
| 020 ## - INTERNATIONAL STANDARD BOOK NUMBER | |
| Terms of availability | 250.00 |
| 035 ## - SYSTEM CONTROL NUMBER | |
| System control number | U-7566 |
| 037 ## - SOURCE OF ACQUISITION | |
| Source of stock number/acquisition | BPPD/Pub/Ven |
| 040 ## - CATALOGING SOURCE | |
| Original cataloging agency | DPL |
| Language of cataloging | Urdu |
| 082 ## - DEWEY DECIMAL CLASSIFICATION NUMBER | |
| Classification number | 840 |
| 100 ## - MAIN ENTRY--PERSONAL NAME | |
| Personal name | مو لف ؛ ا بو محمد سہر |
| 245 ## - TITLE STATEMENT | |
| Title | ا نتخا ب قصا يد ا ر د و مع مقد مہ و حو ا شی |
| Statement of responsibility, etc | مو لف ؛ ا بو محمد سہر |
| 246 #h - VARYING FORM OF TITLE | |
| Title proper/short title | Intikhab-e-Qasaid-e-urdu |
| Remainder of title | by Dr. Abu Mohd Sahar |
| 260 ## - PUBLICATION, DISTRIBUTION, ETC. (IMPRINT) | |
| Name of publisher, distributor, etc | Maktaba-e-Adab |
| Date of publication, distribution, etc | 2012 |
| Place of publication, distribution, etc | Bhopal |
| 270 ## - ADDRESS | |
| Address | 39,Malviya Nagar, |
| City | Bhopal |
| Telephone number | 0755-2551906 |
| Postal code | 462003 |
| 300 ## - PHYSICAL DESCRIPTION | |
| Extent | 400-ص |
| Dimensions | 22Cm (Hb) |
| 942 ## - ADDED ENTRY ELEMENTS (KOHA) | |
| Source of classification or shelving scheme | Dewey Decimal Classification |
| Item type | Urdu Bks |
| Edition | |
| Classification part | 840 |
| Call number suffix | ا ب و |
| Withdrawn status | Lost status | Source of classification or shelving scheme | Damaged status | Not for loan | Collection code | Home library | Current library | Date acquired | Source of acquisition | Cost, normal purchase price | Total Checkouts | Full call number | Barcode | Date last seen | Copy number | Cost, replacement price | Koha item type |
|---|---|---|---|---|---|---|---|---|---|---|---|---|---|---|---|---|---|
| Dewey Decimal Classification | Not For Loan | Non-fiction | D.B.Act.Division | D.B.Act.Division | 05/06/2015 | DBAD/Pub. | 250.00 | 840 ا ب و | U-7566 | 05/06/2015 | 1 | 250.00 | Urdu Bks |
